Krizová legislativa ; Hasičský záchranný sbor ; Požární ochrana : redakční uzávěrka ...

Saved in:
Bibliographic Details
Corporate Author Česko (Author)
LanguageCzech
Published Ostrava : Sagit, 2007-
SeriesÚZ
Subjects
ISBN978-80-7488-705-5
978-80-7208-637-5
978-80-7208-748-8
978-80-7208-842-3
978-80-7208-919-2
978-80-7208-990-1
Physical Description^^^sv. ; 24 cm

Cover

LEADER 00000cai a2200000 i 4500
001 38567
003 CZ-ZlUTB
005 20260402100919.0
007 ta
008 070913c20079999xr x 0 b2cze
015 |a cnb001751596 
035 |a (OCoLC)190422864 
040 |a ABA001  |b cze  |d OLA001  |d ZLD002  |e rda 
043 |a e-xr--- 
072 7 |a 351  |x Úkoly veřejné správy, správní opatření, legislativa  |2 Konspekt  |9 15 
080 |a 005.931  |2 MRF 
080 |a 35.078.7  |2 MRF 
080 |a 614.842-051  |2 MRF 
080 |a 351.78  |2 MRF 
080 |a (437.3)  |2 MRF 
080 |a (094.5)  |2 MRF 
110 1 |a Česko  |7 ge128065  |4 aut 
240 1 0 |a Krizové předpisy 
245 1 0 |a Krizová legislativa ;  |b Hasičský záchranný sbor ; Požární ochrana : redakční uzávěrka ... 
246 1 8 |a Krizové zákony, HZS, Požární ochrana 
247 1 0 |a Krizové zákony, obnova území ;  |b HZS a požární ochrana  |f 2007 
247 1 0 |a Krizové zákony ;  |b Hasičský záchranný sbor ; Požární ochrana  |f 2013-2023 
264 1 |a Ostrava :  |b Sagit,  |c 2007- 
300 |a ^^^sv. ;  |c 24 cm 
310 |a Aktualizováno nepravidelně 
336 |a text  |b txt  |2 rdacontent 
337 |a bez média  |b n  |2 rdamedia 
338 |a svazek  |b nc  |2 rdacarrier 
490 1 |a ÚZ : úplné znění 
500 |a Jednotlivé svazky mají ISBN 
500 |a Název z obálky 
500 |a Součástí mírně se měnícího podnázvu je datum 
588 |a Popsáno podle: stavu k 20.8.2007 včetně: redakční uzávěrka 1.12.2025 
650 0 7 |a krizový management  |7 ph121964  |z Česko  |2 czenas 
650 0 7 |a integrovaný záchranný systém  |7 ph121133  |z Česko  |2 czenas 
650 0 7 |a hasiči  |7 ph120650  |z Česko  |2 czenas 
650 0 7 |a požární ochrana  |7 ph124487  |z Česko  |2 czenas 
650 0 9 |a crisis management  |z Czechia  |2 eczenas 
650 0 9 |a integrated emergency management system  |z Czechia  |2 eczenas 
650 0 9 |a fire fighters  |z Czechia  |2 eczenas 
650 0 9 |a fire protection  |z Czechia  |2 eczenas 
655 7 |a zákony  |7 fd133886  |2 czenas 
655 7 |a právní předpisy  |7 fd133151  |2 czenas 
655 9 |a laws  |2 eczenas 
655 9 |a legal regulations  |2 eczenas 
710 2 |a Sagit (nakladatelství)  |7 ko2003186645  |4 pbl 
740 0 2 |a HZS a Požární ochrana 
740 0 2 |a Hasičský záchranný sbor 
740 0 2 |a Požární ochrana 
740 0 2 |a Obnova území 
830 0 |a ÚZ 
902 |a 978-80-7488-705-5  |q (1.12.2025 ;  |q brožováno) 
902 |a 978-80-7208-637-5  |q (20.8.2007 ;  |q brožováno) 
902 |a 978-80-7208-748-8  |q (1.6.2009 ;  |q brožováno) 
902 |a 978-80-7208-842-3  |q (24.1.2011 ;  |q brožováno) 
902 |a 978-80-7208-919-2  |q (19.3.2012 ;  |q brožováno) 
902 |a 978-80-7208-990-1  |q (10.6.2013 ;  |q brožováno) 
910 |a ZLD002  |r 2021, 2023, 2025 
942 |2 udc 
952 |0 1  |1 0  |4 0  |6 35KRIZOVÉ  |7 0  |8 BOOK  |9 87785  |a UTBUH  |b UTBUH  |c 028  |d 2011-09-07  |h k 24.1.2011  |l 3  |o 35/KRIZOVÉ  |p 420010139920  |r 2022-01-05 00:00:00  |s 2021-12-13  |v 139.00  |w 2019-08-26  |x zastaralé  |y 01 
952 |0 1  |1 0  |4 0  |6 35KRIZOVÉ  |7 0  |8 BOOK  |9 87786  |a UTBZL  |b UTBZL  |c 030  |d 2008-09-29  |h k 20.8.2007  |l 8  |m 1  |o 35/KRIZOVÉ  |p 420010115347  |r 2021-04-22 00:00:00  |s 2021-03-08  |v 89.00  |w 2019-08-26  |x zastaralé  |y 05 
952 |0 1  |1 0  |4 0  |6 35KRIZOVÉ  |7 0  |8 BOOK  |9 87787  |a UTBZL  |b UTBZL  |c 030  |d 2011-06-13  |h k 24.1.2011  |l 2  |m 1  |o 35/KRIZOVÉ  |p 420010138563  |r 2021-04-22 00:00:00  |s 2021-02-25  |v 139.00  |w 2019-08-26  |x zastaralé  |y 05 
952 |0 1  |1 0  |4 0  |6 35KRIZOVÉ  |7 0  |8 BOOK  |9 87788  |a UTBZL  |b UTBZL  |c 030  |d 2011-08-22  |h k 24.1.2011  |l 16  |o 35/KRIZOVÉ  |p 420010139693  |r 2021-03-31 00:00:00  |s 2021-03-01  |v 139.00  |w 2019-08-26  |x zastaralé  |y 05 
952 |0 1  |1 0  |4 0  |6 35KRIZOVÉ  |7 0  |8 BOOK  |9 87789  |a UTBZL  |b UTBZL  |c 030  |d 2015-01-23  |h k 20.10.2014  |l 5  |m 4  |o 35/KRIZOVÉ  |p 420010158393  |r 2023-04-03 00:00:00  |s 2023-02-08  |v 159.00  |w 2019-08-26  |x zastaralé  |y 05 
952 |0 0  |1 0  |2 udc  |4 0  |6 35KRIZOVÉ  |7 0  |8 BOOK  |9 172028  |a UTBUH  |b UTBUH  |c 032  |d 2022-12-20  |h k 20.12.2021  |l 1  |m 1  |o 35/KRIZOVÉ  |p 420010191887  |q 2028-12-21  |r 2023-01-03 00:00:00  |s 2023-01-03  |v 173.00  |w 2022-12-20  |x N:nákup;  |y 08 
952 |0 0  |1 0  |2 udc  |4 0  |6 35KRIZOVÉ  |7 0  |8 BOOK  |9 172029  |a UTBUH  |b UTBUH  |c 032  |d 2022-12-20  |h k 20.12.2021  |l 1  |m 3  |o 35/KRIZOVÉ  |p 420010191888  |q 2026-09-01  |r 2023-01-03 00:00:00  |s 2023-01-03  |v 173.00  |w 2022-12-20  |x N:nákup;  |y 08 
952 |0 0  |1 0  |2 udc  |4 0  |6 35KRIZOVÉ  |7 0  |8 BOOK  |9 172030  |a UTBZL  |b UTBZL  |c 007  |d 2022-12-20  |h k 20.12.2021  |l 1  |m 1  |o 35/KRIZOVÉ  |p 420010191889  |q 2028-12-21  |r 2023-01-09 00:00:00  |s 2023-01-09  |v 173.00  |w 2022-12-20  |x N:nákup;  |y 08 
952 |0 0  |1 0  |2 udc  |4 0  |6 35KRIZOVÉ  |7 0  |8 BOOK  |9 175238  |a UTBZL  |b UTBZL  |c 030  |d 2023-07-21  |h k 20.12.2021  |l 1  |o 35/KRIZOVÉ  |p 420010193547  |r 2025-03-19 00:00:00  |s 2024-11-25  |v 173.00  |w 2023-07-21  |x N:nákup;  |y 05 
952 |0 0  |1 0  |4 0  |6 35KRIZOVÉ  |7 0  |8 BOOK  |9 178919  |a UTBZL  |b UTBZL  |c 005  |d 2024-03-06  |h redakční uzávěrka 27.11.2023  |l 1  |m 1  |o 35/KRIZOVÉ  |p 420010195647  |r 2025-11-18 09:42:56  |s 2025-11-14  |v 297.00  |w 2024-03-06  |x N:nákup;   |y 01 
952 |0 0  |1 0  |4 0  |6 35KRIZOVÉ  |7 0  |8 BOOK  |9 178921  |a UTBUH  |b UTBUH  |c 028  |d 2024-03-06  |h redakční uzávěrka 27.11.2023  |l 0  |o 35/KRIZOVÉ  |p 420010195648  |r 2024-03-12 00:00:00  |v 297.00  |w 2024-03-06  |y 01 
952 |0 0  |1 0  |4 0  |6 35KRIZOVÉ  |7 0  |8 BOOK  |9 178923  |a UTBUH  |b UTBUH  |c 028  |d 2024-03-06  |h redakční uzávěrka 27.11.2023  |l 5  |m 6  |o 35/KRIZOVÉ  |p 420010195649  |r 2026-03-31 15:32:23  |s 2026-01-06  |v 297.00  |w 2024-03-06  |y 04 
952 |0 0  |1 0  |4 0  |5 0  |6 35KRIZOVÉ  |7 0  |8 BOOK  |9 190363  |a UTBZL  |b UTBUH  |c 032  |d 2026-03-16  |h redakční uzávěrka 1.12.2025  |l 1  |o 35/KRIZOVÉ  |p 420010201767  |q 2027-03-17  |r 2026-03-17 13:47:57  |s 2026-03-17  |v 189.00  |w 2026-03-16  |x N:nákup  |y 08 
992 |b SK 
999 |c 38567  |d 38567